| 000 | 00907nac a22002657a 4500 | ||
|---|---|---|---|
| 001 | BR7310251 | ||
| 003 | BR-BrBNA | ||
| 005 | 20240105113604.0 | ||
| 008 | 230509b bl.|||m| |||| 00| 0 por d | ||
| 040 |
_aBR-BrBNA _bpor _cBiblioteca Nacional de Agricultura |
||
| 072 | _aE15; E70; F00 | ||
| 090 | _aE15 BR7310251 | ||
| 100 | 1 | _aRibeiro, S.W. | |
| 110 | 1 |
_aInstituto de Planejamento Economico e Social, Brasilia, DF (Brasil). Inst. de Planejamento _96240 |
|
| 245 | 1 | _aDesempenho do setor agricola - decada 1960/70 [Producao vegetal; Preco; Importacao; Exportacao; Brasil] | |
| 260 | 3 |
_aBrasilia, DF (Brasil): _c1973. |
|
| 300 | _a176 p. | ||
| 490 |
_aIPEA/IPLAN. Estudos para o Planejamento (Brazil) _vno. 6 _x |
||
| 500 | _a57 tables; 6 graphs | ||
| 650 | _aPRECO | ||
| 650 | _aIMPORTACAO | ||
| 650 | _aEXPORTACAO | ||
| 909 |
_a202312 _bLúcia Elande _c55 _dLúcia Elande |
||
| 942 |
_2AGRIS _n0 _cMS |
||
| 999 |
_c264551 _d264551 |
||